[Event "HUN-chT2 Maroczy 0607"]
[Site "Hungary"]
[Date "2007.05.20"]
[Round "11"]
[White "Radnai, Tamas"]
[Black "Bor, Ferenc"]
[Result "1/2-1/2"]
[WhiteElo "2054"]
[BlackElo "2035"]
[PlyCount "88"]
[EventDate "2006.11.12"]
[EventType "team"]
[EventRounds "11"]
[EventCountry "HUN"]
[SourceTitle "EXT 2008"]
[Source "ChessBase"]
[SourceDate "2007.11.25"]
[SourceVersion "1"]
[SourceVersionDate "2007.11.25"]
[SourceQuality "1"]
[WhiteTeam "Dunaharaszti"]
[BlackTeam "Koeszolg"]
[WhiteTeamCountry "HUN"]
[BlackTeamCountry "HUN"]

1. d4 d5 2. c4 Nc6 3. cxd5 Qxd5 4. Nf3 e5 5. Nc3 Bb4 6. Bd2 Bxc3 7. Bxc3 e4 8. Ne5 Nge7 9. e3 Nxe5 10. dxe5 Qxd1+ 11. Rxd1 Be6 12. b3 Nd5 13. Ba5 0-0-0 14. Rd4 f5 15. Bc4 c5 16. Rd2 b6 17. Bc3 Nc7 18. Bxe6+ Nxe6 19. f4 Rxd2 20. Kxd2 Rd8+ 21. Ke2 Rd3 22. Bb2 Nc7 23. Rd1 Rxd1 24. Kxd1 Kd7 25. h3 h5 26. Ke2 b5 27. g4 hxg4 28. hxg4 g6 29. gxf5 gxf5 30. Bc1 Nd5 31. a3 a5 32. Kd2 a4 33. Kc2 axb3+ 34. Kxb3 Ke6 35. Bd2 Nb6 36. Bc1 Kd5 37. Bd2 Kc6 38. Bc1 c4+ 39. Kc2 Kc5 40. Bd2 Nd5 41. Bb4+ Kc6 42. Kd2 Kd7 43. Bc3 Ke6 44. Bb4 Kd7 1/2-1/2

[Event "HUN-chT2 Maroczy 0607"]
[Site "Hungary"]
[Date "2007.05.06"]
[Round "10"]
[White "Bor, Ferenc"]
[Black "Miricz, Eniko"]
[Result "1-0"]
[WhiteElo "2035"]
[BlackElo "1548"]
[PlyCount "103"]
[EventDate "2006.11.12"]
[EventType "team"]
[EventRounds "11"]
[EventCountry "HUN"]
[SourceTitle "EXT 2008"]
[Source "ChessBase"]
[SourceDate "2007.11.25"]
[SourceVersion "1"]
[SourceVersionDate "2007.11.25"]
[SourceQuality "1"]
[WhiteTeam "Koeszolg"]
[BlackTeam "Matra"]
[WhiteTeamCountry "HUN"]
[BlackTeamCountry "HUN"]

1. e4 e5 2. Nf3 d5 3. Nxe5 Bd6 4. Nxf7 Kxf7 5. Qh5+ Kf8 6. Qxd5 Qe7 7. d3 Nf6 8. Qg5 Nc6 9. Be2 Nd4 10. Bd1 h6 11. Qh4 Nf5 12. Qh3 Nd4 13. Qe3 Bc5 14. Qd2 Bg4 15. 0-0 Bd6 16. c3 Ne6 17. f4 Bxd1 18. Qxd1 Nd7 19. d4 c5 20. d5 Nd8 21. e5 Bb8 22. Qg4 c4 23. Be3 Nb6 24. Qf3 h5 25. Qf2 Qd7 26. Bc5+ Kg8 27. e6 Qe8 28. Qd4 Na4 29. Ba3 b5 30. e7 Nf7 31. d6 Nb6 32. f5 Nd7 33. Qd5 Nb6 34. Qe6 Rh6 35. f6 Nd7 36. Qd5 Nb6 37. Qd4 Nd7 38. fxg7 a6 39. Qd5 Ba7+ 40. Kh1 Nf6 41. Qb7 Nd7 42. Nd2 Kxg7 43. Ne4 Nfe5 44. Rf4 Bb6 45. Qd5 Nd3 46. Raf1 Rg6 47. Rf7+ Kh6 48. R1f5 Nf4 49. Rxf4 Rxg2 50. Kxg2 Qg8+ 51. Ng3 Be3 52. Qxh5# 1-0